000 00463nam a2200193Ia 4500
003 GCL
008 140319s9999 xx 000 0 eng d
040 _aGCL /
_cGCL
082 0 4 _aCH
_b912
_bT P
100 1 _aWALTS, LISA
245 1 0 _aPICTURE ATLAS /
_cWALTS, LISA
700 1 _aTYLER, JENNY
260 _a[S.N] :
_bUSBORNE PUBLISHING LTD ،
_c1976
300 _a30 P
650 0 4 _aATLASES
650 0 4 _aCHILDREN
650 0 4 _aGEOGRAPHY
942 _2ddc
_cBK
999 _c15063
_d15063